Statistical data analysis using your personal computer / (Record no. 10754)
[ view plain ]
| 000 -LEADER | |
|---|---|
| fixed length control field | 00679nam a22002172 4500 |
| 001 - CONTROL NUMBER | |
| control field | 0000004316 |
| 005 - DATE AND TIME OF LATEST TRANSACTION | |
| control field | 20151217154347.0 |
| 008 - FIXED-LENGTH DATA ELEMENTS--GENERAL INFORMATION | |
| fixed length control field | 070522s xx 000 0 eng d |
| 020 ## - INTERNATIONAL STANDARD BOOK NUMBER | |
| International Standard Book Number | 0761917810 : |
| Terms of availability | KES 4,955 |
| 040 ## - CATALOGING SOURCE | |
| Original cataloging agency | KABU |
| Transcribing agency | KABU |
| 050 #0 - LIBRARY OF CONGRESS CALL NUMBER | |
| Classification number | QA276.4 |
| Item number | .B471 |
| 100 1# - MAIN ENTRY--PERSONAL NAME | |
| Personal name | Bernstein, Ira H. |
| -- | 0000154807 |
| 245 10 - TITLE STATEMENT | |
| Title | Statistical data analysis using your personal computer / |
| Statement of responsibility, etc. | Ira H. Bernstein, Nancy A. Rowe. |
| 260 ## - PUBLICATION, DISTRIBUTION, ETC. (IMPRINT) | |
| Place of publication, distribution, etc. | London : |
| Name of publisher, distributor, etc. | Sage, |
| Date of publication, distribution, etc. | 2001. |
| 300 ## - PHYSICAL DESCRIPTION | |
| Extent | ix, 406 p. |
| 650 #0 - SUBJECT ADDED ENTRY--TOPICAL TERM | |
| Topical term or geographic name as entry element | Statistics |
| General subdivision | Data processing. |
| -- | 0000154808 |
| 700 1# - ADDED ENTRY--PERSONAL NAME | |
| Personal name | Rowe, Nancy A. |
| -- | 0000154809 |
| 908 ## - PUT COMMAND PARAMETER (RLIN) | |
| Put command parameter | 070522 |
| 950 ## - LOCAL HOLDINGS (RLIN) | |
| -- | 1 |
| Withdrawn status | Lost status | Source of classification or shelving scheme | Not for loan | Home library | Current library | Date acquired | Total Checkouts | Full call number | Barcode | Date last seen | Price effective from | Koha item type |
|---|---|---|---|---|---|---|---|---|---|---|---|---|
| Library of Congress Classification | Kabarak, Main Campus | Kabarak, Main Campus | 17/12/2015 | QA276.4 .B471 | 008533 | 17/12/2015 | 17/12/2015 | General Collection |